|
|
|
|
| LEADER |
01764cas a2200241 a 4500 |
| 001 |
AALejournalIMF007243 |
| 008 |
230101c9999 xx r poo 0 0eng d |
| 020 |
|
|
|c 5.00 USD
|
| 020 |
|
|
|z 9781455282586
|
| 022 |
|
|
|a 1934-7685
|
| 040 |
|
|
|a BD-DhAAL
|c BD-DhAAL
|
| 110 |
2 |
|
|a International Monetary Fund.
|
| 245 |
1 |
0 |
|a Senegal :
|b First Review Under the Policy Support Instrument; Staff Report; Staff Supplement; Press Release; and Statement by the Executive Director for Senegal.
|
| 264 |
|
1 |
|a Washington, D.C. :
|b International Monetary Fund,
|c 2011.
|
| 300 |
|
|
|a 1 online resource (80 pages)
|
| 490 |
1 |
|
|a IMF Staff Country Reports
|
| 500 |
|
|
|a <strong>Off-Campus Access:</strong> No User ID or Password Required
|
| 500 |
|
|
|a <strong>On-Campus Access:</strong> No User ID or Password Required
|
| 506 |
|
|
|a Electronic access restricted to authorized BRAC University faculty, staff and students
|
| 520 |
3 |
|
|a Senegal's economic recovery is continuing and has been largely unaffected by the political crisis in Cote d'Ivoire. Policy discussions focused on the economic implications of two new developments since the program was approved in December 2010. Fiscal policy faces a difficult trade-off between additional priority expenditure and the need to preserve debt sustainability. The sustainability of Senegal's external public and publicly guaranteed (PPG) debt appears vulnerable to rollover risks. This highlights the need for prudent debt management by Senegal, as it seeks to gain greater access to external resources.
|
| 538 |
|
|
|a Mode of access: Internet
|
| 830 |
|
0 |
|a IMF Staff Country Reports; Country Report ;
|v No. 2011/139
|
| 856 |
4 |
0 |
|z Full text available on IMF
|u http://elibrary.imf.org/view/journals/002/2011/139/002.2011.issue-139-en.xml
|z IMF e-Library
|